000 00670nam a2200121Ia 4500
008 220620s9999||||xx |||||||||||||| ||und||
100 _aRaithelhuber, Eberhard
245 0 _aChapter 6 Extending agency
_bThe merit of relational approaches for Childhood Studies
546 _aEnglish[eng]
650 _aagency||Beatrice Hungerland||childhood||developmental psychology||education||Florian Esser||family studies||Meike Baader||social work||sociology||sociology of childhood||Tanja Betz
856 _uhttps://library.oapen.org/bitstream/20.500.12657/46467/1/9781317524410-ch06.pdf||https://library.oapen.org/bitstream/20.500.12657/46467/1/9781317524410-ch06.pdf
942 _cEB
999 _c33422
_d33422